Az ellopott tavasz

Elmentve itt :
Bibliográfiai részletek
Szerző: KALI István
Adatforrás:Meister
Forrásdokumentuma:Látó. -
12 sz., 1990, 1429-1439 p.
Nyelv:magyar
Kulcsszavak:oral-history
Marosvásárhely, 1990 március
Marosvásárhely
MARKÓ Béla
GÁLFALVI György
SÜTŐ András
KINCSES Előd
KIRÁLY Károly
Erdélyi Figyelő
RMDSZ-Romániai Magyar Demokrata Szövetség
LEADER 00639nab a2200229 i 4500
001 bibPRO00009994
008 060524s1990 xx hun
040 |a Sz1 
041 |a hun 
100 1 |a KALI István 
245 1 3 |a Az ellopott tavasz  |c KALI István 
695 |a oral-history 
695 |a Marosvásárhely, 1990 március 
695 |a Marosvásárhely 
695 |a MARKÓ Béla 
695 |a GÁLFALVI György 
695 |a SÜTŐ András 
695 |a KINCSES Előd 
695 |a KIRÁLY Károly 
695 |a Erdélyi Figyelő 
695 |a RMDSZ-Romániai Magyar Demokrata Szövetség 
773 0 |t Látó. -  |g 12 sz., 1990, 1429-1439 p.